| 000 | 00473nam a2200133Ia 4500 | ||
|---|---|---|---|
| 008 | 260210s9999 xx 000 0 und d | ||
| 024 | _a11B-138-EL, 11B-150-EL, 11B-153-EL & 11B-158-EL | ||
| 082 | _a629.895072 TAL | ||
| 100 | _aTalha Ali Khan, Bilal Khan, Shahrukh Ahmed & Arshad Ali | ||
| 245 | 0 | _aIndustrial Security Control System by Using PLC | |
| 260 |
_aKarachi: _bUITU, _c2011 |
||
| 600 | _aElectrical Engineering | ||
| 650 | _aBachelor of Engineering (BE) | ||
| 999 |
_c33192 _d33192 |
||